000 00881 a2200253 4500
003 OSt
005 20180116192325.0
008 120214t xxu||||| |||| 00| 0 eng d
020 _a885440280X (hardcover)
020 _a9788854402805 (hardcover)
040 _c0
082 0 4 _a725.6
100 1 _aGamin, Giulia.
_95875
245 1 0 _aMuseums :
_bmasterpieces of world architecture /
_cGiulia Gamin.
260 _aVercelli, Italy :
_bWhite Star,
_cc.2007
300 _a304 p. ; pic (col)
_c36 cm.
490 1 _aWonders of the world.
650 _aMuseum architecture
_95876
650 _aMuseums
_xDesign and construction
_95877
830 0 _aWonders of the world.
_95878
856 4 0 _3Amazon.com
_uhttp://www.amazon.com/exec/obidos/ASIN/885440280X/chopaconline-20
942 _aSADA
_cREF
_k725.6 CAM 2007
_2ddc
999 _c352170
_d352170